Impact assessment and traveler responses to traffic management strategies
Сохранить в:
| Главный автор: | |
|---|---|
| Формат: | |
| Язык: | английский |
| Опубликовано: |
Berkeley
University of California
1979
|
| Серии: | Research Report
|
| Предметы: | |
| Метки: |
Добавить метку
Нет меток, Требуется 1-ая метка записи!
|
MARC
| LEADER | 00000nam a2200000 a 4500 | ||
|---|---|---|---|
| 001 | UCU6662 | ||
| 003 | CL-VaPUC | ||
| 008 | 960621e19790000US |||||||||||||||||eng|d | ||
| 082 | 0 | 4 | |a 388.4 |b MAY |2 21 |
| 100 | |a May, Adolf D. |e autor |9 364972 | ||
| 245 | 1 | 0 | |a Impact assessment and traveler responses to traffic management strategies |
| 300 | |a 26 p | ||
| 942 | |c BK | ||
| 945 | |d 19960621 00:00:00 |a paguirre | ||
| 260 | |a Berkeley |b University of California |c 1979 | ||
| 650 | 7 | |a TRANSPORTE |2 CL-VaPUC |9 256365 | |
| 650 | 0 | |a Tráfico |9 263653 | |
| 650 | 0 | |a Planificación urbana |9 258176 | |
| 650 | 0 | |a Carreteras |9 260132 | |
| 650 | 7 | |a CALLES |2 CL-VaPUC |9 364295 | |
| 583 | |a last modification |c 19960621 00:00:00 |k Rodrigo Vera | ||
| 490 | 0 | |a Research Report | |
| 999 | |c 249501 |d 249499 | ||